2025 Film Anniversaries Quiz - Statistics

General Stats
  • This quiz has been taken 24 times
  • The average score is 18 of 28
Answer Stats
Year Ann. Movie Hint % Correct
1985 40 Back to the Future Time travel, Great Scott!, 1950s
90%
1975 50 Jaws Spielberg, Boat, Shark
90%
2015 10 Jurassic World Spielberg sequel, Chris Pratt, Dinosaurs
85%
1955 70 Lady and the Tramp Disney, Animated, Dogs
85%
2015 10 The Martian Potatoes, Mars, Matt Damon
85%
1965 60 The Sound of Music Austria, Nuns, Musical
85%
2005 20 Batman Begins Nolan, Superhero, Christian Bale
80%
1995 30 Pocahontas Animated, Native American, John Smith
80%
1985 40 Rocky IV Boxing, Fourth film, Ivan Drago
80%
1995 30 Toy Story 3-D Animated, Pixar, Tim Allen
80%
1995 30 Braveheart Freedom!, Scottish, Mel Gibson
75%
2015 10 Inside Out Pixar, Emotions, Bing Bong
75%
1995 30 Se7en David Fincher, Sins, Brad Pitt
75%
2005 20 Charlie and the Chocolate Factory Johnny Depp, Remake, Candy
70%
1975 50 One Flew Over the Cuckoo's Nest Ratched, Crazy people, Nicholson
70%
1985 40 The Goonies Kids, Pirate ship, Treasure
65%
1995 30 Apollo 13 Tom Hanks, Space, Kevin Bacon
60%
2005 20 Harry Potter and the Goblet of Fire Wizarding World, J.K. Rowling, Fourth film
60%
2005 20 King Kong Peter Jackson, Remake, Empire State Building
60%
2015 10 Minions Animated, Prequel, Scarlett Overkill
60%
2015 10 Spectre James Bond, Daniel Craig, Sam Mendes
50%
2015 10 Avengers: Age of Ultron Vision, Joss Whedon, Marvel
45%
1975 50 The Stepford Wives Suburbs, Creepy, Spouses
45%
1965 60 Doctor Zhivago Moscow, MGM, Omar Sharif
35%
2015 10 Furious 7 Paul Walker, See You Again, Seventh film
35%
1985 40 Pee-Wee's Big Adventure Tim Burton, Paul Reubens, Red bike
35%
2005 20 The Chronicles of Narnia: The Lion, the Witch and the Wardrobe Aslan, C.S. Lewis, 4 kids
25%
2005 20 Star Wars: Episode III: Revenge of the Sith Prequel trilogy, Hello there, Yoda
15%
No matching quizzes found
Score Distribution
Percent of People with Each Score
Percentile by Number Answered
Your Score History
You have not taken this quiz